Podología / (Record no. 134722)
[ view plain ]
| 000 -LEADER | |
|---|---|
| campo de control de longitud fija | 00510nam a2200169 i 4500 |
| 001 - NÚMERO DE CONTROL | |
| campo de control | 134722 |
| 003 - IDENTIFICADOR DE NÚMERO DE CONTROL | |
| campo de control | ES-MaACL |
| 005 - FECHA Y HORA DE LA ÚLTIMA TRANSACCIÓN | |
| campo de control | 20230906194730.0 |
| 007 - CAMPO FIJO DE DESCRIPCIÓN FÍSICA--INFORMACIÓN GENERAL | |
| campo de control de longitud fija | t| |
| 008 - DATOS DE LONGITUD FIJA--INFORMACIÓN GENERAL | |
| campo de control de longitud fija | 070913s1970 sp ||||1| spa d |
| 100 1# - ENTRADA PRINCIPAL--NOMBRE DE PERSONA | |
| Nombre de persona | Weinstein, Frank. |
| 9 (RLIN) | 116374 |
| 245 10 - MENCIÓN DEL TÍTULO | |
| Título | Podología / |
| Mención de responsabilidad, etc. | Frank Weinstein ; versión C. E. Torner Baduell. |
| 260 ## - PUBLICACIÓN, DISTRIBUCIÓN, ETC. | |
| Lugar de publicación, distribución, etc. | Barcelona : |
| Nombre del editor, distribuidor, etc. | Salvat, |
| Fecha de publicación, distribución, etc. | [1970] |
| 300 ## - DESCRIPCIÓN FÍSICA | |
| Extensión | XII, 490 p. : |
| Otras características físicas | il. ; |
| Dimensiones | 26 cm. |
| 700 1# - ENTRADA AGREGADA--NOMBRE PERSONAL | |
| Nombre de persona | Torner Baduell, Carlos-Enrique. |
| 9 (RLIN) | 150227 |
| 852 ## - LOCALIZACIÓN | |
| Ubicación | ES-MaACL |
| Número de control de estantería | C-37320 |
| Sublocalización o colección | R.74846 |
| Estatus retirado | Estado de pérdida | Estado de daño | No para préstamo | Biblioteca de origen | Biblioteca actual | Ubicación en estantería | Fecha de adquisición | Fuente de adquisición | Total de préstamos | Signatura topográfica completa | Código de barras | Visto por última vez | Precio de reemplazo | Tipo de ítem Koha |
|---|---|---|---|---|---|---|---|---|---|---|---|---|---|---|
| Biblioteca del Ateneo de Madrid | Biblioteca del Ateneo de Madrid | Depósito 2 | 17/01/2008 | C-37320 | 1140230 | 23/02/2023 | 23/02/2023 | Libro impreso |
